Water

Αποθηκεύτηκε σε:
Λεπτομέρειες βιβλιογραφικής εγγραφής
Κύριος συγγραφέας: Gunston, Bill
Μορφή: Βιβλίο
Γλώσσα:English
Δημοσίευση: London : Macdonald Educational, 1985.
Σειρά:Visual science
Θέματα:
Ετικέτες: Προσθήκη ετικέτας
Δεν υπάρχουν, Καταχωρήστε ετικέτα πρώτοι!

MARC

LEADER 00000cam a2200000 i 4500
001 1/1187
008 950707s1985 enk| ||| |||| ||eng||
020 |a 0356071103 
035 |l 10014347 
040 |a GR-MyUa  |b gre  |e AACR2 
041 0 |a eng 
082 7 |a 553.7   |2 (22) 
100 1 |a Gunston, Bill. 
245 1 0 |a Water /   |c Bill Gunston. 
260 |a London :   |b Macdonald Educational,   |c 1985. 
300 |a 48 σ. ;   |c 30 εκ. 
490 1 |a (Visual science) 
650 0 0 |a Water. 
830 0 |a Visual science 
852 |a INST  |b LESVOS  |e 19950707  |h 553.7 GUN  |p 005100007881  |q 005100007881  |t BK  |y 0 
922 |a 1ΕΛΗ  |b 199008  |c ΠΠ/9503